000 00529nam a22001811a 4500
001 7088
003 OSt
005 20260204212116.0
008 061013s1995||||sp ||||||b||||||||||spa||
020 _a8476983298
050 _a344.0419 C174p
100 _aCarcaba Fernández, María
245 _aLos problemas jurídicos planteados por las nuevas técnicas de procreación humana / María Carcaba Fernández
264 _aEspaña : J. M. B.
300 _a190 p
650 _a1.Medicina - Derecho - ProblemasÌ
942 _2ddc
_cBK
999 _c7088
_d7088